[Event "Moscow Open 2009 B"]
[Site "www.moscowchessopen.ru"]
[Date "2009.02.02"]
[Round "3.168"]
[White "Nastashuk, Stanislav"]
[Black "Popelyshev, Igor V"]
[Result "1-0"]
[WhiteElo "1936"]
[BlackElo "2159"]
[Annotator ""]
[Source ""]
[Remark ""]

1.c4 e5 2.Nc3 f5 3.g3 Nf6 4.Bg2 Be7 5.d3 O-O 6.Nf3 Nc6 7.O-O
Kh8 8.a3 a5 9.Nd5 d6 10.Nxe7 Qxe7 11.b3 Bd7 12.Rb1 Nd8 13.Qe1
Bc6 14.b4 axb4 15.axb4 b6 16.Qc3 Ne6 17.Ra1 Rxa1 18.Qxa1 Ra8
19.Qb2 Qe8 20.Nh4 Bxg2 21.Nxg2 Qa4 22.Nh4 g6 23.f4 Qa1 24.fxe5
dxe5 25.Qxa1 Rxa1 26.Bb2 Rxf1+ 27.Kxf1 Ng4 28.Nf3 Kg8 29.Nxe5
Nxh2+ 30.Kg2 Ng4 31.Nxg4 fxg4 32.Kf2 Kf7 33.d4 c6 34.e4 Nc7 35.Ke3
b5 36.c5 g5 37.d5 cxd5 38.Be5 Na6 39.exd5 Nxb4 40.Ke4 Ke8 41.Bf6
Kd7 42.Bxg5 Na6 43.Kd4 b4 44.Bf4 b3 45.c6+ Kc8 46.d6 Nb8 47.d7+
Nxd7 48.cxd7+ Kxd7 49.Kc3 Ke6 50.Kxb3 h5 51.Bg5 1-0

[Event "Moscow Open 2009 B"]
[Site "www.moscowchessopen.ru"]
[Date "2009.02.02"]
[Round "3.169"]
[White "Rublev, Sergey"]
[Black "Levashov, Michael"]
[Result "1/2-1/2"]
[WhiteElo "2128"]
[BlackElo "1952"]
[Annotator ""]
[Source ""]
[Remark ""]

1.e4 c6 2.d4 d5 3.exd5 cxd5 4.Bd3 Nc6 5.Ne2 g6 6.O-O Bg7 7.c3
Nf6 8.Ng3 O-O 9.f4 Bg4 10.Qb3 Qb6 11.Qxb6 axb6 12.Na3 Bd7 13.f5
e5 14.fxg6 fxg6 15.dxe5 Ng4 16.Bf4 Ngxe5 17.Bb5 Rad8 18.Be3 Rxf1+
19.Kxf1 d4 20.cxd4 Ng4 21.Bg1 Nxd4 22.Bc4+ Be6 23.Bxd4 Bxc4+
24.Nxc4 Bxd4 25.h3 Ne3+ 26.Nxe3 Bxe3 27.Ke2 Bd4 28.Rb1 Ra8 29.a3
Re8+ 30.Kd2 Rd8 31.Kc2 Rc8+ 32.Kd3 Rd8 33.Kc4 Be5 34.Nf1 Rc8+
35.Kb3 Rf8 36.Re1 Bd4 37.Rd1 Bc5 38.Nd2 Rf2 39.Ne4 Rxg2 40.Nxc5
bxc5 41.Rd7 b5 42.Rd5 Rg3+ 43.Kc2 b4 44.axb4 cxb4 45.Rd3 Rxd3
46.Kxd3 Kf7 47.Kc4 Ke6 48.Kxb4 g5 49.Kc5 h5 50.Kd4 g4 51.hxg4
hxg4 52.b4 g3 1/2-1/2

[Event "Moscow Open 2009 B"]
[Site "www.moscowchessopen.ru"]
[Date "2009.02.02"]
[Round "3.170"]
[White "Kartsev, Sergei"]
[Black "Meshechko, Julia"]
[Result "1-0"]
[WhiteElo "2114"]
[BlackElo "1897"]
[Annotator ""]
[Source ""]
[Remark ""]

1.e4 c5 2.Nf3 Nc6 3.d4 cxd4 4.Nxd4 Nf6 5.Nc3 e5 6.Ndb5 d6 7.Bg5
a6 8.Na3 b5 9.Nd5 Be7 10.Bxf6 Bxf6 11.c3 Bg5 12.Nc2 Ne7 13.Nxe7
Bxe7 14.a4 bxa4 15.Rxa4 O-O 16.Bc4 Qb6 17.Rb4 Qc5 18.Bd5 Ra7
19.O-O a5 20.Rc4 Qb5 21.Qa1 Kh8 22.Ra4 Bd7 23.Ra3 f5 24.b4 fxe4
25.c4 Qb6 26.Rxa5 Rxa5 27.Qxa5 Qb8 28.Bxe4 Bf5 29.Bxf5 Rxf5 30.Ne3
Rf7 31.Ra1 Qf8 32.Qd5 Bd8 33.Ra8 Re7 34.Qxd6 1-0

[Event "Moscow Open 2009 B"]
[Site "www.moscowchessopen.ru"]
[Date "2009.02.02"]
[Round "3.171"]
[White "Stroganov, Andrey"]
[Black "Piskun, Alexey"]
[Result "1/2-1/2"]
[WhiteElo "1915"]
[BlackElo "2095"]
[Annotator ""]
[Source ""]
[Remark ""]

1.b3 d5 2.Bb2 Bf5 3.g3 e6 4.Bg2 Nf6 5.c4 c6 6.Nf3 Nbd7 7.d3 Bd6
8.O-O Qe7 9.cxd5 cxd5 10.Nd4 O-O 11.Nxf5 exf5 12.Nc3 Qe5 13.e3
a6 14.Qf3 g5 15.Rab1 g4 16.Qd1 Qe6 17.Ne2 Be5 18.Nd4 Bxd4 19.Bxd4
Rac8 20.Qd2 Rc6 21.Rbc1 Rfc8 22.Rxc6 Qxc6 23.e4 fxe4 24.Qg5+
Kf8 25.Bb2 Qe6 26.dxe4 dxe4 27.Ba3+ Ke8 28.Rd1 Rc6 29.Qg7 Kd8
30.Qg5 Kc8 31.Qf4 Qe5 32.Qd2 Qe6 33.Bd6 b5 34.a4 Qxb3 35.axb5
axb5 36.Ra1 Qd5 37.Ra8+ Kb7 38.Qa5 Rc1+ 39.Bf1 Rxf1+ 40.Kxf1
Qd1+ 41.Kg2 Qf3+ 1/2-1/2

[Event "Moscow Open 2009 B"]
[Site "www.moscowchessopen.ru"]
[Date "2009.02.02"]
[Round "3.172"]
[White "Dubov, Alexandr"]
[Black "Konovalov, Viatcheslav"]
[Result "1-0"]
[WhiteElo "1903"]
[BlackElo "2086"]
[Annotator ""]
[Source ""]
[Remark ""]

1.d4 d5 2.Nf3 Nf6 3.c4 dxc4 4.Nc3 a6 5.a4 e6 6.Ne5 c5 7.e3 Nbd7
8.Nxc4 Qc7 9.a5 Nd5 10.e4 Nxc3 11.bxc3 b5 12.axb6 Nxb6 13.Bf4
Qc6 14.d5 exd5 15.exd5 Nxd5 16.Ne5 Qb7 17.Qa4+ Kd8 18.Nc6+ Ke8
19.Ne5+ Kd8 20.Rd1 Bd6 21.Qe4 Be6 22.Bc4 Qb2 23.O-O f5 24.Qf3
Nxf4 25.Rxd6+ Ke7 26.Qxf4 Bxc4 27.Nxc4 Qxc3 28.Nb6 g5 29.Nd5+
Ke8 30.Qa4+ 1-0

[Event "Moscow Open 2009 B"]
[Site "www.moscowchessopen.ru"]
[Date "2009.02.02"]
[Round "3.173"]
[White "Kuritsin, Vasily M"]
[Black "Pak, Alexander"]
[Result "1-0"]
[WhiteElo "2058"]
[BlackElo "1649"]
[Annotator ""]
[Source ""]
[Remark ""]

1.e4 c5 2.Nc3 Nc6 3.g3 g6 4.Bg2 d6 5.d3 Bg7 6.Be3 e6 7.Qd2 Rb8
8.Nge2 Nd4 9.O-O Ne7 10.Rac1 O-O 11.Nd1 Nxe2+ 12.Qxe2 Nc6 13.c3
b5 14.f4 b4 15.e5 Ne7 16.exd6 Qxd6 17.cxb4 cxb4 18.Bxa7 Bd4+
19.Bxd4 Qxd4+ 20.Nf2 Ba6 21.Rfd1 Nf5 22.Qe5 Rfd8 23.Rd2 Rbc8
24.Re1 Qxe5 25.fxe5 Rc5 26.g4 Ne7 27.d4 Ra5 28.b3 Nd5 29.Bxd5
Raxd5 30.Red1 Ra5 31.Ne4 Kg7 32.g5 h6 33.h4 hxg5 34.hxg5 Bb5
35.Rc1 Rd7 36.Kf2 Kf8 37.Ke3 Ke7 38.Rh2 Raa7 39.Nd6 Ba6 40.Rc6
Bb7 41.Rb6 Bd5 42.Rf2 Rxd6 43.exd6+ 1-0

[Event "Moscow Open 2009 B"]
[Site "www.moscowchessopen.ru"]
[Date "2009.02.02"]
[Round "3.174"]
[White "Emdin, Mark"]
[Black "Firstov, Pavel"]
[Result "1-0"]
[WhiteElo "1885"]
[BlackElo "2043"]
[Annotator ""]
[Source ""]
[Remark ""]

1.e4 c5 2.c4 Nc6 3.Nc3 e6 4.g3 Qc7 5.Bg2 a6 6.Nge2 Nf6 7.d3 Rb8
8.O-O b5 9.b3 Be7 10.f4 d6 11.Bb2 O-O 12.Kh1 Rd8 13.Rb1 b4 14.Na4
Bb7 15.Qc2 Rbc8 16.h3 Bf8 17.g4 Ne7 18.Ng3 Ng6 19.Bxf6 gxf6 20.Nh5
Bg7 21.Qb2 Qe7 22.g5 e5 23.f5 Nh4 24.Qf2 Nxg2 25.Qxg2 Kh8 26.Nxg7
Kxg7 27.gxf6+ Kxf6 28.Rg1 Rg8 29.Qf2 Rg5 30.Qh4 1-0

[Event "Moscow Open 2009 B"]
[Site "www.moscowchessopen.ru"]
[Date "2009.02.02"]
[Round "3.175"]
[White "Petukhov, Nikolay"]
[Black "Malov, Lev"]
[Result "0-1"]
[WhiteElo "1843"]
[BlackElo "2036"]
[Annotator ""]
[Source ""]
[Remark ""]

1.e4 Nc6 2.d4 d5 3.e5 f6 4.f4 Bf5 5.Nc3 fxe5 6.fxe5 e6 7.Nf3
Bg4 8.Be2 Bxf3 9.Bxf3 Qh4+ 10.g3 Qxd4 11.Bf4 Bb4 12.Qd2 Qxd2+
13.Bxd2 Nxe5 14.Bg2 Nc4 15.O-O-O Nxd2 16.Rxd2 O-O-O 17.Re2 Bxc3
18.bxc3 Nf6 19.Rxe6 Rde8 20.Rhe1 Rxe6 21.Rxe6 Kd8 22.c4 c6 23.cxd5
cxd5 24.Bxd5 Nxd5 25.Rd6+ Kc7 26.Rxd5 Rf8 27.Re5 Kd6 28.Re3 Rf1+
29.Kb2 Rf5 30.Rb3 b6 31.Ra3 a5 32.Rb3 b5 33.h4 h5 34.Rd3+ Ke6
35.Rc3 Ke5 36.Re3+ Kf6 37.Re4 g5 38.Re3 g4 39.Re2 Rf3 40.Rg2
a4 41.Kb1 b4 42.Kb2 Ke5 43.Rg1 Kd4 44.Rg2 a3+ 45.Kc1 Kc3 46.Kd1
Rf1+ 47.Ke2 Rc1 48.Ke3 Rxc2 0-1

[Event "Moscow Open 2009 B"]
[Site "www.moscowchessopen.ru"]
[Date "2009.02.02"]
[Round "3.176"]
[White "Bocharnikov, Oleg"]
[Black "Orekhovsky, Vasily"]
[Result "0-1"]
[WhiteElo "1829"]
[BlackElo "2016"]
[Annotator ""]
[Source ""]
[Remark ""]

1.Nf3 d5 2.d4 Nf6 3.c4 c6 4.cxd5 cxd5 5.Bf4 Nc6 6.Nc3 a6 7.Rc1
Bf5 8.Ne5 Rc8 9.e3 e6 10.Qb3 Nxe5 11.Bxe5 Qd7 12.Be2 Be7 13.O-O
O-O 14.a4 Ne4 15.Nxe4 Bxe4 16.f3 Bg6 17.a5 Rxc1 18.Rxc1 Rc8 19.Rc3
f6 20.Bg3 Be8 21.Qc2 Rxc3 22.Qxc3 Qc6 23.Be1 Bd6 24.e4 dxe4 25.fxe4
Bf4 26.Bf3 Qxc3 27.Bxc3 Kf7 28.Kf2 Bc7 29.g3 Bb5 30.Be2 Bxe2
31.Kxe2 h5 32.Kf3 g5 33.h3 f5 34.e5 g4+ 35.hxg4 hxg4+ 36.Kf4
Kg6 37.Ke3 Bd8 38.Kd3 Bg5 39.Be1 f4 40.gxf4 Bxf4 41.Ke4 Bh2 42.Bb4
g3 43.Kf3 Bg1 44.d5 exd5 45.e6 Bf2 46.e7 Kf7 47.b3 d4 48.Kg2
d3 49.Kf3 d2 50.Bxd2 Kxe7 51.Bf4 Ke6 52.Bd2 Kd5 53.Bc3 Kc5 54.Kg2
Kb5 55.Kf3 Bc5 56.Kxg3 Bb4 57.Bb2 Bxa5 58.Ba3 Bb4 59.Bb2 Kc5
60.Kf4 Ba5 61.Ba3+ Kd4 62.Bb2+ Kd3 63.Ba3 Kc3 0-1

[Event "Moscow Open 2009 B"]
[Site "www.moscowchessopen.ru"]
[Date "2009.02.02"]
[Round "3.177"]
[White "Sokolov, Boris"]
[Black "Moshensky, Denis"]
[Result "1/2-1/2"]
[WhiteElo "2015"]
[BlackElo "1847"]
[Annotator ""]
[Source ""]
[Remark ""]

1.b4 d5 2.Bb2 Nf6 3.Nf3 c6 4.e3 Bg4 5.h3 Bh5 6.c4 e6 7.c5 Nbd7
8.Be2 b6 9.d4 Be7 10.Nbd2 O-O 11.O-O a5 12.a3 b5 13.Nb3 a4 14.Nc1
Qc7 15.Nd3 Ne4 16.Nf4 Bxf3 17.gxf3 Nef6 18.Kg2 Ne8 19.Bd3 Bg5
20.Nh5 f5 21.Rg1 Nef6 22.f4 Nxh5 23.Qxh5 Bd8 24.Kf1 Nf6 25.Qe2
Qf7 26.f3 Nh5 27.Ke1 Bh4+ 28.Kd1 Bg3 29.Bc3 Qe8 30.Kc2 Rf6 31.Rg2
g6 32.h4 Kh8 33.Rag1 Ra7 34.Rxg3 Nxg3 35.Rxg3 h5 36.e4 Rg7 37.Qg2
Kh7 38.Bd2 Rg8 39.Qg1 1/2-1/2

[Event "Moscow Open 2009 B"]
[Site "www.moscowchessopen.ru"]
[Date "2009.02.02"]
[Round "3.179"]
[White "Bondarev, Ivan"]
[Black "Grishaev, Igor"]
[Result "0-1"]
[WhiteElo "1759"]
[BlackElo "2010"]
[Annotator ""]
[Source ""]
[Remark ""]

1.e4 c5 2.f4 Nf6 3.Nc3 e6 4.Nf3 d5 5.Bb5+ Bd7 6.Bxd7+ Qxd7 7.exd5
Nxd5 8.Nxd5 Qxd5 9.O-O Nc6 10.b3 O-O-O 11.Bb2 f6 12.d3 Bd6 13.Qd2
Rhg8 14.Rae1 g5 15.fxg5 fxg5 16.Bf6 g4 17.Ng5 h6 18.c4 Bxh2+
19.Kh1 Qd7 20.Nxe6 Bg3 21.Nxd8 Bxe1 22.Rxe1 Nxd8 23.Bxd8 Kxd8
24.Qxh6 Qd4 25.Qh4+ Kc8 26.Re7 Rf8 27.Rc7+ Kxc7 28.Qe7+ Kb6 29.Qxf8
g3 30.Qh6+ Ka5 31.Qd2+ Ka6 32.Qe1 Qf2 33.Qb1 Qf4 34.Qe1 Qh4+
35.Kg1 Qh2+ 36.Kf1 Qh1+ 37.Ke2 Qxg2+ 38.Kd1 Qf3+ 39.Kd2 0-1

[Event "Moscow Open 2009 B"]
[Site "www.moscowchessopen.ru"]
[Date "2009.02.02"]
[Round "3.180"]
[White "Procop, Egor"]
[Black "Grinenko, Viktor"]
[Result "1-0"]
[WhiteElo "1739"]
[BlackElo "1994"]
[Annotator ""]
[Source ""]
[Remark ""]

1.e4 e6 2.d4 d5 3.e5 c5 4.c3 Nc6 5.Nf3 Qb6 6.a3 cxd4 7.cxd4 Bd7
8.b4 Rc8 9.Bb2 Na5 10.Nbd2 Nc4 11.Nxc4 dxc4 12.Rc1 a5 13.Bxc4
Bxb4+ 14.axb4 Qxb4+ 15.Qd2 Rxc4 16.O-O Qxd2 17.Nxd2 Rxc1 18.Rxc1
Bc6 19.Nc4 a4 20.Nd6+ Kd7 21.Nxf7 Ne7 22.Nxh8 Ke8 23.Ba3 Nd5
24.f3 Nf4 25.Kf2 Bb5 26.Ke1 Nd3+ 27.Kd2 Nxc1 28.Kxc1 Bf1 29.g3
Be2 30.f4 Bh5 31.Kd2 Kd7 32.Kc3 Kc6 33.Bf8 Kd7 1-0

[Event "Moscow Open 2009 B"]
[Site "www.moscowchessopen.ru"]
[Date "2009.02.02"]
[Round "3.189"]
[White "Kruchinin, Anatoly V"]
[Black "Jorov, Boris"]
[Result "0-1"]
[WhiteElo "1809"]
[BlackElo "2099"]
[Annotator ""]
[Source ""]
[Remark ""]

1.g4 d5 2.Bg2 Bxg4 3.c4 c6 4.Qb3 Qb6 5.cxd5 Qxb3 6.axb3 e6 7.dxc6
Nxc6 8.Bxc6+ bxc6 9.Nc3 Nf6 10.f3 Bf5 11.e4 Bg6 12.d4 Bb4 13.Be3
Nxe4 14.Nge2 Nf6 15.Ra6 Nd5 16.Kf2 Bd3 17.Nxd5 cxd5 18.Ra4 a5
19.Rha1 Rc8 20.Nc3 Bc2 21.Rxa5 Bxa5 22.Rxa5 Bxb3 23.Bf4 O-O 24.Bd6
Rfe8 25.f4 Ra8 26.Rb5 Bc4 27.Rb7 Red8 28.Ba3 Rdb8 29.Rxb8+ Rxb8
30.Ke3 f6 31.h4 Kf7 32.h5 g6 33.hxg6+ Kxg6 34.Kf3 Kf5 35.Nd1
Rb3+ 36.Ne3+ Kg6 37.Kf2 Rd3 38.Bc5 Rd2+ 39.Kf3 Rxb2 40.f5+ exf5
41.Nxc4 dxc4 42.d5 Rb5 0-1

[Event "Moscow Open 2009 B"]
[Site "www.moscowchessopen.ru"]
[Date "2009.02.02"]
[Round "3.190"]
[White "Lavshirbanov, Ruslan"]
[Black "Skoriak, Ivan"]
[Result "0-1"]
[WhiteElo "1791"]
[BlackElo "2080"]
[Annotator ""]
[Source ""]
[Remark ""]

1.e4 e5 2.Nf3 Nc6 3.Bb5 a6 4.Ba4 Nf6 5.O-O Be7 6.Re1 b5 7.Bb3
d6 8.h3 Na5 9.c3 c5 10.Bc2 O-O 11.d4 cxd4 12.cxd4 Qc7 13.Nbd2
Re8 14.Nf1 Bb7 15.d5 Rac8 16.Bd3 Nc4 17.Ng3 g6 18.b3 Nb6 19.Bh6
Nbd7 20.Rc1 Qa5 21.Qe2 Bf8 22.Be3 Nc5 23.Bb1 h6 24.Nh4 Qd8 25.Nf3
Ncd7 26.Nh2 Bg7 27.Qd2 Kh7 28.f3 Ng8 29.Qb4 Ndf6 30.Rcd1 Rb8
31.Qd2 Bc8 32.Ng4 Nxg4 33.hxg4 Ne7 34.Kf2 f6 35.Rh1 g5 36.Nf5
Rh8 37.Qb4 Nxf5 38.gxf5 Kg8 39.Rc1 a5 40.Qc3 Bf8 41.Qc7 Bd7 42.Qxd8
Rxd8 43.Bb6 Ra8 44.Rc7 Rh7 45.Rhc1 Ra6 46.Be3 b4 47.Bd3 Ra8 48.Rb7
Bxf5 49.Rcc7 Rxc7 50.Rxc7 Bg6 51.Ra7 Rb8 52.Rxa5 Be8 53.Ra7 Bf7
54.Bd2 f5 55.Ba6 fxe4 56.fxe4 Bg6 57.Ke3 g4 58.Bb7 h5 59.Bxb4
Bh6+ 60.Kd3 Rd8 61.Be1 Bg5 62.g3 Rf8 63.Ra8 Bd8 64.Rc8 Kg7 65.Rc4
Rf3+ 66.Ke2 Bb6 67.Bc6 Re3+ 68.Kd2 Bxe4 69.Bf2 Rd3+ 70.Ke2 Bxf2
71.Rxe4 Rf3 72.b4 Bxg3 73.b5 Rf2+ 74.Kd3 Rxa2 75.Rb4 Bf2 76.b6
g3 77.b7 Ba7 78.b8Q Bxb8 79.Rxb8 g2 80.Rb1 h4 81.Bd7 h3 82.Bxh3
Ra3+ 0-1

[Event "Moscow Open 2009 B"]
[Site "www.moscowchessopen.ru"]
[Date "2009.02.02"]
[Round "3.191"]
[White "Baskakov, Nikolay"]
[Black "Mironov, Yury"]
[Result "1-0"]
[WhiteElo "2055"]
[BlackElo "1792"]
[Annotator ""]
[Source ""]
[Remark ""]

1.e4 c5 2.Nf3 Nc6 3.Bb5 d6 4.O-O Bd7 5.Re1 g6 6.c3 Bg7 7.Na3
a6 8.Bf1 e6 9.d4 cxd4 10.cxd4 Nge7 11.Be3 O-O 12.Nc4 d5 13.Nd6
dxe4 14.Nxe4 Nf5 15.Qd2 Nxe3 16.fxe3 Ne7 17.Ne5 Bxe5 18.dxe5
Bc6 19.Nf6+ Kg7 20.Qf2 Ng8 21.Nxg8 Kxg8 22.Rad1 Qe7 23.Rd4 Rad8
24.Rg4 Rd5 25.Qg3 Qc7 26.Rg5 h6 27.e4 Ra5 28.b4 Rxa2 29.Rg4 Rd8
30.Bc4 Rb2 31.Bxe6 fxe6 32.Rxg6+ Kh7 33.Rf1 Bxe4 34.Rxh6+ Kxh6
35.Qf4+ Kg7 36.Qxe4 Qb6+ 37.Kh1 Qxb4 38.Qf3 Rf8 39.Qg3+ Kh6 40.Qh3+
Kg5 41.Qe3+ Qf4 42.h4+ Kg4 43.Rxf4+ Rxf4 44.Qh3+ Kh5 45.Qxe6
Rb1+ 46.Kh2 Rxh4+ 47.Kg3 Rbb4 48.Qf5+ Kh6 49.Qf6+ Kh5 50.Qh8+
Kg5 51.Qg7+ Kh5 52.Qf7+ Kg5 53.Qf6+ Kh5 54.Qf5+ Kh6 55.e6 Rhe4
56.Qf6+ Kh7 57.Qf5+ Kh6 58.Qf6+ Kh7 59.Qf7+ Kh6 60.Qf5 Rb3+ 61.Kh2
Re1 62.Qf4+ 1-0

[Event "Moscow Open 2009 B"]
[Site "www.moscowchessopen.ru"]
[Date "2009.02.02"]
[Round "3.192"]
[White "Matsokina, Evgenia"]
[Black "Rubanov, Sergey"]
[Result "1-0"]
[WhiteElo "2036"]
[BlackElo "1788"]
[Annotator ""]
[Source ""]
[Remark ""]

1.c4 Nf6 2.Nc3 g6 3.g3 Bg7 4.Bg2 c6 5.d4 d5 6.cxd5 cxd5 7.Nf3
O-O 8.O-O Nc6 9.Ne5 e6 10.Bg5 Qb6 11.Na4 Qxd4 12.Nxc6 Qxd1 13.Ne7+
Kh8 14.Rfxd1 Bd7 15.Nc5 Bb5 16.e4 Rfe8 17.a4 Bc4 18.exd5 Rxe7
19.d6 Ree8 20.d7 Red8 21.Bxb7 Rab8 22.Rac1 Bd5 23.Bxd5 exd5 24.Bxf6
Bxf6 25.Rxd5 Rxb2 26.Re1 Rbb8 27.Rd6 Bc3 28.Rc1 Bf6 29.Rxf6 Kg7
30.Ra6 1-0

[Event "Moscow Open 2009 B"]
[Site "www.moscowchessopen.ru"]
[Date "2009.02.02"]
[Round "3.193"]
[White "Tantsov, Peter"]
[Black "Pylaev, Evgenij"]
[Result "0-1"]
[WhiteElo "1762"]
[BlackElo "2032"]
[Annotator ""]
[Source ""]
[Remark ""]

1.d4 d5 2.c4 c6 3.Nf3 Nf6 4.Nc3 a6 5.e3 Bf5 6.Bd3 Bxd3 7.Qxd3
e6 8.O-O Nbd7 9.b3 Bd6 10.Bb2 O-O 11.e4 dxe4 12.Nxe4 Nxe4 13.Qxe4
Nf6 14.Qh4 h6 15.Rab1 Nh7 16.Qg4 Nf6 17.Qh3 Nh7 18.Ne5 Bxe5 19.dxe5
Qd2 20.Qc3 Rfd8 21.Qxd2 Rxd2 22.Ba3 Ng5 23.h4 Nh7 24.f4 Nf8 25.Rf2
Rad8 26.Bd6 Rd4 27.Kf1 f6 28.Ke2 fxe5 29.fxe5 Rxh4 30.Be7 Re4+
31.Kf3 Rdd4 32.Bc5 Rf4+ 33.Ke3 Rde4+ 0-1

[Event "Moscow Open 2009 B"]
[Site "www.moscowchessopen.ru"]
[Date "2009.02.02"]
[Round "3.194"]
[White "Pankov, Gennady"]
[Black "Alimov, Ravil"]
[Result "1-0"]
[WhiteElo "2014"]
[BlackElo "1776"]
[Annotator ""]
[Source ""]
[Remark ""]

1.e4 e5 2.Nf3 Nc6 3.d3 Nf6 4.a3 d5 5.exd5 Nxd5 6.h3 Bc5 7.c4
Nf6 8.Nc3 O-O 9.Bg5 Be7 10.Be2 Nd7 11.Bxe7 Qxe7 12.Nd5 Qd6 13.O-O
f5 14.Nd2 Nb6 15.Nc3 a6 16.b4 Qg6 17.c5 Nd7 18.Nd5 f4 19.Ne4
Nf6 20.Nexf6+ gxf6 21.Nxc7 Ra7 22.Nd5 Bxh3 23.Bf3 Kh8 24.Kh2
Bf5 25.Bh5 Qg5 26.Rh1 Rg8 27.Bf3 Qg6 28.Kg1 Bxd3 29.Rh2 Bf5 30.Ra2
Rd8 31.Rd2 Rf8 32.a4 Qf7 33.Bh5 Qg7 34.f3 Rg8 35.Bg4 Bxg4 36.fxg4
Nd4 37.Qe1 f5 38.Qh4 Rf8 39.g5 b5 40.cxb6 Rb7 41.a5 Ne6 42.Rh3
Nxg5 43.Ra3 Ne6 44.b5 Ra8 45.bxa6 Rxa6 46.Nc7 Rbxb6 47.Nxe6 1-0

[Event "Moscow Open 2009 B"]
[Site "www.moscowchessopen.ru"]
[Date "2009.02.02"]
[Round "3.195"]
[White "Knyazev, Nikolay"]
[Black "Marder, Elena"]
[Result "0-1"]
[WhiteElo "1999"]
[BlackElo "1747"]
[Annotator ""]
[Source ""]
[Remark ""]

1.e4 c5 2.Nf3 d6 3.d4 cxd4 4.Qxd4 a6 5.Bc4 Nc6 6.Qd2 Qc7 7.Nc3
Nf6 8.O-O e6 9.a3 Be7 10.h3 O-O 11.Ba2 b5 12.Qf4 Bb7 13.Bd2 Rad8
14.Rfe1 Rfe8 15.Rad1 Qb8 16.Bc1 e5 17.Qh2 Rd7 18.Ng5 Bd8 19.Qg3
Nd4 20.Qd3 Ne6 21.h4 h6 22.Nh3 Nc5 23.Qf3 Qa8 24.Nd5 Nxd5 25.exd5
Bxh4 26.Bxh6 Qd8 27.Bxg7 Kxg7 28.Qg4+ Kf8 29.Rd3 Na4 30.b4 Nb6
31.g3 Bf6 32.Re4 Rc7 33.Bb3 Bc8 34.Qh5 Bxh3 35.Qxh3 Ke7 36.Rf3
Rh8 37.Qf5 Rh6 38.Kf1 Qd7 39.Qf4 Qh3+ 40.Ke2 Kf8 41.Qe3 Nd7 42.g4
Qh4 43.a4 Qg5 44.Qd3 Rh1 45.Qe3 Qxe3+ 46.fxe3 Bg5 0-1

[Event "Moscow Open 2009 B"]
[Site "www.moscowchessopen.ru"]
[Date "2009.02.02"]
[Round "3.196"]
[White "Kochetov, Dmitri A"]
[Black "Kosov, Igor"]
[Result "0-1"]
[WhiteElo "1995"]
[BlackElo "1743"]
[Annotator ""]
[Source ""]
[Remark ""]

1.b3 d5 2.Bb2 Nc6 3.e3 e5 4.Bb5 Bd6 5.f4 Qh4+ 6.g3 Qe7 7.Nf3
Bg4 8.fxe5 Bxe5 9.Bxe5 Bxf3 10.Qxf3 Qxe5 11.Nc3 Nge7 12.Bxc6+
bxc6 13.O-O O-O 14.Qf4 Ng6 15.Qxe5 Nxe5 16.Rf4 Rfe8 17.Raf1 f6
18.Ra4 a6 19.Rff4 c5 20.Kg2 Nc6 21.Ne2 a5 22.c3 Ne5 23.Rf1 Kf7
24.Nf4 c6 25.h3 c4 26.Rb1 Reb8 27.Ne2 Rb5 28.Nd4 Rb6 29.Nc2 c5
30.Na3 Nd3 31.e4 cxb3 32.Rxb3 Rxb3 33.axb3 Nb2 34.exd5 Nxa4 35.bxa4
Re8 36.Kf2 Re4 37.c4 h5 38.d3 Re5 39.Nb5 Ke7 40.Nc3 f5 41.h4
Kf6 42.Ne2 g5 43.hxg5+ Kxg5 44.Nf4 Re8 45.Ne6+ Kg4 46.Nxc5 f4
47.gxf4 h4 48.Ne6 h3 49.c5 Rb8 50.c6 Rb2+ 51.Ke3 h2 52.Nc5 h1Q
53.Ne4 0-1

[Event "Moscow Open 2009 B"]
[Site "www.moscowchessopen.ru"]
[Date "2009.02.02"]
[Round "3.197"]
[White "Motruk, Oleg"]
[Black "Lavrischev, Anatoliy"]
[Result "0-1"]
[WhiteElo "1727"]
[BlackElo "1981"]
[Annotator ""]
[Source ""]
[Remark ""]

1.e4 c5 2.c3 b6 3.d4 cxd4 4.cxd4 Bb7 5.Nc3 e6 6.Nf3 Bb4 7.Bd3
Nf6 8.Qe2 d5 9.e5 Ne4 10.Bd2 Nxd2 11.Nxd2 Nc6 12.Qe3 Be7 13.O-O
O-O 14.f4 Nxd4 15.Qh3 g6 16.Nf3 Nxf3+ 17.Rxf3 Kg7 18.Rg3 f5 19.Be2
Rh8 20.Rd3 Rc8 21.g4 Bc5+ 22.Kg2 Qe7 23.gxf5 d4+ 24.Bf3 exf5
25.Nd5 Qe6 26.Nf6 Bxf3+ 27.Qxf3 Qc6 28.Rb1 Qxf3+ 29.Kxf3 Rhd8
30.Rbd1 a5 31.Rg1 Be7 32.Nh5+ Kf7 33.Ng3 Rc2 34.Rg2 Rxg2 35.Kxg2
Ke6 36.Ne2 Bc5 37.Kf1 b5 38.Nc1 a4 39.Ne2 b4 40.Ng1 Kd5 41.Ke2
Ke4 42.Nh3 Be7 43.b3 a3 44.Rg3 Rc8 45.Rd3 Bh4 46.Rd2 h6 47.Ng1
Rc3 0-1

[Event "Moscow Open 2009 B"]
[Site "www.moscowchessopen.ru"]
[Date "2009.02.02"]
[Round "3.198"]
[White "Lebedev, Roman"]
[Black "Zhuravlev, Dmitry"]
[Result "0-1"]
[WhiteElo "1710"]
[BlackElo "1975"]
[Annotator ""]
[Source ""]
[Remark ""]

1.e4 c5 2.Nf3 d6 3.d4 cxd4 4.Nxd4 Nf6 5.Nc3 g6 6.Bc4 Bg7 7.O-O
O-O 8.Bb3 Nc6 9.Nf3 Bg4 10.h3 Bxf3 11.Qxf3 Nd4 12.Qd3 Nxb3 13.axb3
Nd7 14.Be3 a6 15.Rfd1 Ne5 16.Qd2 Re8 17.Ne2 Rc8 18.c3 Nd7 19.b4
Ne5 20.b3 Nc6 21.Rac1 Qc7 22.c4 a5 23.b5 Nb4 24.Nf4 Be5 25.Nd5
Nxd5 26.Qxd5 b6 27.f4 Bb2 28.Rc2 Ba3 29.Kf1 Bc5 30.Ke2 e6 31.Qd3
Bxe3 32.Qxe3 d5 33.e5 Qb7 34.Qf3 Qe7 35.Qf2 Rc5 36.Rdc1 Rec8
37.g4 Qc7 38.Qd4 a4 39.bxa4 Qa7 40.Qa1 Qa8 41.Ke3 dxc4 42.Qd4
Rd8 43.Qa1 Rd3+ 0-1

[Event "Moscow Open 2009 B"]
[Site "www.moscowchessopen.ru"]
[Date "2009.02.02"]
[Round "3.199"]
[White "Gavrilenko, Viktor"]
[Black "Khorsun, Vsevolod"]
[Result "1/2-1/2"]
[WhiteElo "1969"]
[BlackElo "1715"]
[Annotator ""]
[Source ""]
[Remark ""]

1.d4 Nf6 2.c4 g6 3.Nc3 Bg7 4.e4 d6 5.Nf3 O-O 6.Bg5 h6 7.Bc1 e5
8.d5 Nbd7 9.Be2 Nc5 10.Nd2 a5 11.O-O c6 12.f3 Nh5 13.Nb3 Na6
14.Be3 c5 15.Qd2 Kh7 16.Nb5 b6 17.g4 Nf4 18.Nc1 Qh4 19.Nd3 Nxd3
20.Qxd3 Qe7 21.Kh1 Bd7 22.Rg1 g5 23.Rg3 Bxb5 24.cxb5 Nc7 25.a4
Rac8 26.Qd2 Kg6 27.Kg2 Rh8 28.Rh1 Bf6 29.Qc1 Ne8 30.b3 Ng7 31.Kf2
Rh7 1/2-1/2

[Event "Moscow Open 2009 B"]
[Site "www.moscowchessopen.ru"]
[Date "2009.02.02"]
[Round "3.200"]
[White "Makhno, Mikhail"]
[Black "Kuzanov, Artem"]
[Result "1-0"]
[WhiteElo "1621"]
[BlackElo "1969"]
[Annotator ""]
[Source ""]
[Remark ""]

1.e4 e6 2.d4 d5 3.exd5 exd5 4.Bd3 Bd6 5.c3 Nf6 6.Nf3 O-O 7.O-O
Be6 8.h3 h6 9.Be3 Nbd7 10.Nbd2 b6 11.Nh4 Ne4 12.Nxe4 dxe4 13.Bxe4
Qxh4 14.Bxa8 Rxa8 15.Qf3 Rd8 16.Rfe1 Nf6 17.Rac1 Bd5 18.Qe2 Qe4
19.Qf1 Qg6 20.c4 Be6 21.Kh1 c6 22.a3 Bb8 23.b4 Qh5 24.Kg1 Qg6
25.Kh1 Nh5 26.Red1 Qe4 27.Kg1 Nf4 28.Bxf4 Qxf4 29.g3 Qe4 30.Qg2
Qxg2+ 31.Kxg2 Kf8 32.d5 cxd5 33.cxd5 Rxd5 34.Rxd5 Bxd5+ 35.Kf1
Be6 36.h4 Be5 37.a4 Ke7 38.a5 b5 39.Ke1 Bc4 40.Kd2 Bd4 41.Ke1
h5 42.f3 Be5 43.Kf2 Bd6 44.Rb1 Ke6 45.g4 g6 46.gxh5 gxh5 47.a6
Kf5 48.Rg1 Bxb4 49.Rg5+ Kf6 50.Rxh5 Ba5 51.Rg5 Bb6+ 52.Ke1 b4
53.Rg4 Bxa6 54.Kd1 Bb7 55.Kd2 Bc5 56.h5 Bf8 57.Kc2 a5 58.Kb3
Bh6 59.Rg3 1-0

[Event "Moscow Open 2009 B"]
[Site "www.moscowchessopen.ru"]
[Date "2009.02.02"]
[Round "3.201"]
[White "Rodnov, Sergey"]
[Black "Popov, Mikhail"]
[Result "0-1"]
[WhiteElo "1512"]
[BlackElo "1965"]
[Annotator ""]
[Source ""]
[Remark ""]

1.d4 f5 2.Nf3 Nf6 3.e3 e6 4.Bd3 Be7 5.Nbd2 O-O 6.O-O d6 7.b3
Qe8 8.Bb2 b6 9.Re1 Bb7 10.e4 Nh5 11.exf5 exf5 12.Bc4+ d5 13.Bd3
Nf4 14.Bf1 Qg6 15.Kh1 Bd6 16.Ne5 Bxe5 17.Rxe5 Nd7 18.Re3 Nf6
19.Rg3 Ng4 20.Qf3 Qh6 21.h3 Nh5 22.Bc1 Nxg3+ 23.Qxg3 Rae8 24.Nf3
Qh5 25.Kg1 Nf6 26.Qxc7 Re7 27.Qf4 Rfe8 28.Ne5 Ne4 29.Ba3 Rc7
30.Bd3 Nc3 31.f3 Bc8 32.Bd6 Rb7 33.Kh2 a5 34.Rg1 b5 35.g4 Qh4
36.Rg3 Rb6 37.Bc7 Rh6 38.Bxa5 g5 39.Qd2 f4 40.Bf1 Qxg3+ 0-1

[Event "Moscow Open 2009 B"]
[Site "www.moscowchessopen.ru"]
[Date "2009.02.02"]
[Round "3.202"]
[White "Lushnikov, Evgeny"]
[Black "Vasiliev, Mikhail"]
[Result "1/2-1/2"]
[WhiteElo "1961"]
[BlackElo "1486"]
[Annotator ""]
[Source ""]
[Remark ""]

1.e4 e5 2.Nf3 Nc6 3.Nc3 Bc5 4.Nxe5 Nxe5 5.d4 Bd6 6.dxe5 Bxe5
7.Bc4 Bxc3+ 8.bxc3 Qf6 9.Qd4 Qxd4 10.cxd4 Ne7 11.Bg5 Nc6 12.c3
O-O 13.O-O d6 14.a4 a6 15.Rab1 Na5 16.Bd3 Bd7 17.Bc2 h6 18.Bh4
Rab8 19.Bg3 Nc4 20.Rb4 b5 21.axb5 Bxb5 22.Ra1 Rfe8 23.f3 a5 24.Rbb1
Ne3 25.Rxa5 Bc4 26.Rxb8 Rxb8 27.Ba4 Rb2 28.Ra8+ Kh7 29.Bd7 Rxg2+
30.Kh1 Rc2 31.Ra1 Be2 32.Bf2 Bxf3+ 33.Kg1 Nd1 34.Ba4 Rd2 35.Bxd1 1/2-1/2

[Event "Moscow Open 2009 B"]
[Site "www.moscowchessopen.ru"]
[Date "2009.02.03"]
[Round "4.1"]
[White "Pogosian, Georgy"]
[Black "Kutuzov, Denis"]
[Result "1/2-1/2"]
[WhiteElo "2219"]
[BlackElo "2298"]
[Annotator ""]
[Source ""]
[Remark ""]

1.Nf3 Nf6 2.g3 b5 3.Bg2 Bb7 4.d4 e6 5.O-O c5 6.c3 cxd4 7.cxd4
Be7 8.Bg5 O-O 9.Qd3 a6 10.Bxf6 Bxf6 11.Ng5 Bxg5 12.Bxb7 Ra7 13.Bg2
d5 14.e3 Nc6 15.Nd2 Qb6 16.Nb3 Rc7 17.Rfc1 Rfc8 18.Bf1 Be7 19.a3
g6 20.Rc2 Na5 21.Rxc7 Rxc7 22.Nxa5 Qxa5 23.Qd1 Rc6 1/2-1/2